[Event "Chesscup Blitz 2020"]
[Site "Katowice"]
[Date "2020.09.12"]
[Round "8.6"]
[White "Koziak, Vitali"]
[Black "Nasuta, Grzegorz"]
[Result "1-0"]
[WhiteElo "2434"]
[BlackElo "2553"]
[Annotator "TA"]
[PlyCount "75"]
[EventDate "2020.09.12"]
[EventType "swiss"]
[EventCountry "POL"]
[SourceTitle "playchess.com"]
[Source "ChessBase"]
[SourceQuality "1"]

{[%evp 9,75,-8,17,19,8,1,8,17,12,21,28,12,23,0,1,-3,0,-11,0,0,0,0,0,0,0,0,0,0,0,0,0,0,0,0,11,-7,0,-24,0,-14,7,-30,-35,-34,0,0,150,156,191,187,260,177,412,424,409,405,446,418,404,117,381,379,343,311,29991,29992,29992,29993]} 1. Nf3 d5 2. d4 Nf6 3. c4 c6 4. Qb3 dxc4 5. Qxc4 Bg4 6. Bf4 {D23: Queen's Gambit Accepted: 3 Nf3 Nf6 sidelines.} Nbd7 {[#]} 7. e3 $146 ({Predecessor:} 7. Nbd2 Qa5 8. Qb3 Nb6 9. a3 Be6 10. Qd1 Nh5 11. Be5 f6 12. Bc7 Rc8 13. Bxb6 Qxb6 {1-0 (35) Rapport,R (2725)-Paehtz,E (2513) Douglas 2018}) 7... Bxf3 8. gxf3 {The position is equal.} e5 9. dxe5 Qa5+ 10. Nc3 Nxe5 11. Bxe5 Qxe5 12. f4 $132 {[%mdl 2048] White is not keeping still} Qc5 13. O-O-O Qxc4 14. Bxc4 Bb4 15. Ne2 Ke7 16. Nd4 g6 17. Nf3 Ne4 18. Rhf1 Rhd8 19. a3 Ba5 20. Bd3 Nc5 21. Bc2 {Strongly threatening b4.} Bc7 22. Ng5 h6 23. Ne4 Ne6 24. Ng3 Nc5 25. f5 g5 26. Nh5 Bxh2 27. f6+ Ke6 (27... Kf8 $1 $11) 28. b4 $16 Na6 29. Bb3+ Ke5 (29... Kf5 {might work better.}) 30. Bxf7 Ke4 $2 (30... Rxd1+ {keeps fighting.} 31. Rxd1 Rf8) 31. Bg6+ $18 Kf3 32. f7 {Black must now prevent Nf6.} Be5 {If Black can now play ...Rxd1+ this consolidates a bit.} 33. Rxd8 Rxd8 {[#]} 34. Rd1 $2 (34. Ng3 $1 $18 {[%mdl 512] is the precise move to win. Be4+ is the strong threat.} Rf8 (34... Bxg3 35. fxg3+) 35. Be4+ Kg4 36. Nf5) 34... Rxd1+ $4 {[%mdl 8192] Loses the game.} (34... Rf8 $16) 35. Kxd1 Bd6 36. Nf6 Kxf2 $2 (36... Be7 $18 37. Ke1 Kg2) 37. Ne4+ {[%mdl 64] Double Attack} Kxe3 38. Nxd6 {Accuracy: White = 80%, Black = 61%.} 1-0

[Event "Chesscup Blitz 2020"]
[Site "Katowice"]
[Date "2020.09.12"]
[Round "8.7"]
[White "Barski, Radoslaw"]
[Black "Socko, Monika"]
[Result "1-0"]
[WhiteElo "2446"]
[BlackElo "2289"]
[Annotator "TA"]
[PlyCount "111"]
[EventDate "2020.09.12"]
[EventType "swiss"]
[EventCountry "POL"]
[SourceTitle "playchess.com"]
[Source "ChessBase"]
[SourceQuality "1"]

{[%evp 17,111,0,27,24,47,0,0,0,44,44,51,37,54,11,36,31,29,-6,76,70,107,85,81,58,108,111,100,113,137,66,64,29,23,26,49,-250,-137,-144,-146,-367,-83,-322,-120,-118,-82,-100,-71,-70,-72,-129,-73,-208,-71,-69,-49,-274,-273,-264,-271,-309,-297,-300,-145,-1343,-1270,-6215,-6176,-29989,-29990,-29996,-2402,-29986,-29987,-29987,-29988,-29996,-5899,-29964,770,717,2092,2022,1532,1572,1391,993,1870,1712,29987,29977,29977,29978,29990,29991,29992,29993]} 1. d4 Nf6 2. c4 e6 3. Nc3 Bb4 4. a3 Bxc3+ 5. bxc3 O-O 6. f3 d5 7. cxd5 exd5 8. e3 Bf5 9. Ne2 c5 10. g4 {E27: Nimzo-Indian: Sämisch: 5...0-0 6 f3.} Bd7 11. Bg2 {[#]} Nc6 $146 ({Predecessor:} 11... Bc6 12. O-O Nbd7 13. Ng3 Nb6 14. dxc5 Na4 15. Qd4 Qa5 16. g5 Ne8 17. Nf5 Qxc5 18. Qxc5 Nxc5 {1-0 (33) Moskalenko,V (2470)-Lopez Martinez,J (2375) Paretana 1999}) 12. O-O {The position is equal.} Qe7 13. Nf4 h6 14. h4 Rad8 15. Qe1 Bc8 16. Qg3 Nh7 17. Nd3 c4 (17... b6 $11) 18. Nf4 $16 Na5 19. e4 Nb3 20. Ra2 ({But not} 20. Nxd5 $2 Rxd5 21. exd5 Nxa1 $17) 20... dxe4 21. fxe4 Nxc1 22. Rxc1 g5 23. hxg5 (23. Nd5 $16 Rxd5 24. exd5) 23... Qxg5 $14 24. Bf3 f5 $1 {[%cal Rf5e4]} 25. exf5 Rxf5 26. Ne2 $2 {[%mdl 8192]} (26. gxf5 $14 {was forced to keep a grip.} Qxg3+ 27. Rg2 Qxg2+ 28. Kxg2) 26... Rf7 ({Black should try} 26... Qe3+ $19 27. Kg2 Rf7) 27. Rf1 $17 Rdf8 {aiming for ...h5!} 28. Raa1 $2 (28. Bg2 $17) 28... Kh8 $2 (28... Qe3+ $19 {is more deadly.} 29. Kg2 Be6 {[%mdl 64] Remove Defender}) 29. d5 $2 (29. Rae1 $17) 29... Rg7 $2 (29... Qe3+ $19 30. Kg2 Ng5) 30. Bg2 Re8 31. Nd4 Qxg4 32. Qxg4 Rxg4 33. Kh2 (33. Rae1 $142 Reg8 34. Rf2) 33... Ng5 (33... Reg8 $142 34. Ra2 Rh4+ 35. Kg1 Rh5) 34. Rf6 {[#]} (34. Ra2 $17) 34... Rh4+ (34... Rg8 $1 $19 {and Black stays clearly on top. Strongly threatening ...Rxg2+!} 35. Ra2 (35. Rxh6+ $2 Kg7 $19) 35... Rh4+ 36. Kg1 Ne4 {[%mdl 64] Double Attack}) 35. Kg3 Kg7 36. Raf1 $2 {[#]} (36. Rf4 $15 Rh5 37. Kf2) 36... Rg4+ $1 $19 37. Kh2 Re3 38. d6 Rh4+ 39. Kg1 {intending Rf8.} Rg3 (39... Rxc3 $19 40. R1f4 Rxf4 41. Rxf4 Rxa3 42. Nf5+ Bxf5 43. Rxf5 c3) 40. R1f4 $2 {[%mdl 8192]} (40. Rf8 $17 Bh3 41. Nf5+ Bxf5 42. R1xf5) 40... Nh3+ {[%mdl 64] Double Attack} 41. Kf1 Nxf4 42. Bxb7 Kxf6 43. Bxc8 Nd5 (43... Rg2 $142 44. Bh3 Rxh3 45. Nf3 Rh1+ 46. Ng1 Rhxg1#) 44. d7 Rf4+ 45. Ke1 Re3+ 46. Kd2 Rd3+ (46... Rf2+ $142 47. Ne2 Rexe2+ 48. Kd1 Nxc3+ 49. Kc1 Rf1#) 47. Ke1 Rfxd4 $4 {[%mdl 8192]} (47... Re4+ {and life is good for Black.} 48. Kf2 Rf4+ 49. Kg2 Ne3+ 50. Kg3 Rdxd4 51. cxd4 Rxd4 52. Bb7 c3 53. Be4 c2 54. Bxc2 Nxc2 55. Kh3 Nxa3 56. d8=R Rxd8 57. Kg4 Rd4+ 58. Kg3 Nc2 59. Kf2 Rd2+ 60. Kg1 a5 61. Kh1 Kf5 62. Kg1 Kf4 63. Kf1 Kg3 64. Kg1 Rd1#) 48. d8=Q+ $18 Ne7 49. Qf8+ Kg6 50. cxd4 Re3+ 51. Kd2 Rd3+ 52. Kc2 Nd5 53. Bf5+ {White mates.} Kg5 54. Bxd3 Ne3+ 55. Kd2 cxd3 56. Kxe3 {Never resign too early! Accuracy: White = 39%, Black = 46%.} 1-0

[Event "Chesscup Blitz 2020"]
[Site "Katowice"]
[Date "2020.09.12"]
[Round "8.8"]
[White "Goraj, Barbara"]
[Black "Socko, Bartosz"]
[Result "1/2-1/2"]
[WhiteElo "2078"]
[BlackElo "2601"]
[Annotator "TA"]
[PlyCount "151"]
[EventDate "2020.09.12"]
[EventType "swiss"]
[EventCountry "POL"]
[SourceTitle "playchess.com"]
[Source "ChessBase"]
[SourceQuality "1"]

{[%evp 16,151,15,14,12,19,16,0,0,-10,0,0,0,0,9,0,0,-18,-10,-32,72,-32,-24,-29,-18,-18,-18,-18,-17,-8,0,-34,-34,-34,-34,-33,-24,-34,-28,-67,-72,-132,-28,-36,-6,-4,-4,-9,-12,-9,0,0,91,0,0,0,0,0,0,0,0,0,0,0,41,0,0,0,0,0,0,0,0,0,0,0,0,0,0,0,0,0,0,0,0,0,0,0,0,0,0,0,0,0,0,0,0,0,0,0,0,0,15,0,182,0,0,0,0,0,0,-923,-893,-890,-717,-4602,-264,-252,-245,-179,-22,-26,0,0,29975,29974,29973,29971,29977,29978,29977,8,8,8,8,8,8,8]} 1. e4 e6 2. d4 d5 3. Nd2 Nf6 4. e5 Nfd7 5. Bd3 c5 6. c3 b6 7. Ne2 Ba6 8. Nf3 Bxd3 9. Qxd3 Be7 {C06: French Tarrasch: 3...Nf6 4 e5 Nfd7 5 Bd3 main lines.} 10. O-O Nc6 {[%cal Bb8c6,Bc6a5,Ba5b3][%mdl 32]} 11. a3 c4 12. Qc2 {[#]} Na5 $146 ({Predecessor:} 12... Qc7 13. Ng5 h6 14. Nh3 O-O-O 15. f4 f5 16. Be3 Rdg8 17. Nc1 Na5 18. b3 cxb3 19. Nxb3 {0-1 (60) Vu,T (1637)-Nguyen,V (2249) Nha Trang 2009}) 13. Be3 Nb3 14. Rae1 O-O 15. Nd2 Nxd2 16. Qxd2 b5 17. f4 g6 (17... f5 $1 $15 {keeps the upper hand.}) 18. Kh1 (18. f5 $1 $16) 18... a5 19. Ra1 b4 20. axb4 axb4 21. g4 f5 22. gxf5 gxf5 23. Rg1+ Kh8 24. cxb4 Rxa1 25. Rxa1 Qb6 26. Qc2 Qxb4 27. Bd2 Qb7 28. Bc3 {[#]} (28. Rg1 $142) 28... Rg8 (28... Nc5 $1 $17 {[%mdl 512]} 29. Rg1 (29. dxc5 d4+) 29... Ra8) 29. Qa4 $11 Bh4 30. Qa6 Qb3 {( -> ...Qc2)} 31. Qa4 $1 $132 {[%mdl 2048] White is not holding back} ({Not} 31. Qxe6 $2 Qc2 $19) 31... Qxa4 32. Rxa4 Bf2 33. Ra6 Rg6 (33... Re8 $11) 34. Ra8+ ({Better is} 34. Bb4 $16) 34... Rg8 35. Ra6 Re8 36. Kg2 Bh4 $1 37. Kf3 Nf8 38. Bb4 {Hoping for Bxf8.} Ng6 39. Rb6 Kg8 40. Rb7 Ra8 41. Ba3 Be1 42. Rb6 Kf7 43. Rb7+ Kg8 44. Rb6 Re8 45. Rb7 Bd2 46. Bb4 Bxb4 47. Rxb4 {[%mdl 4096] Endgame KRN-KRN} Re7 48. Rb6 Kf7 49. Nc3 Ra7 50. Nb5 Ra1 51. Rb7+ Kg8 52. Nc7 Nf8 53. Rb8 Kf7 54. Rb7 Kg6 55. Rb6 Rf1+ 56. Ke3 Kf7 57. Rb7 Kg6 58. Rb6 Kh5 59. Nxe6 Ng6 $2 (59... Nxe6 $11 {and Black stays safe.} 60. Rxe6 Rd1) 60. Ng7+ $2 ({White should play} 60. Rb5 $18) 60... Kg4 61. h3+ Kxh3 62. Nxf5 Rxf4 63. Rxg6 $2 {[%mdl 8192] KRN-KR} (63. Rf6 $11) 63... Re4+ $19 64. Kf3 hxg6 {KR-KN} 65. Ne7 Rxd4 $2 (65... g5 {Strongly threatening ...g4+.} 66. Nxd5 Rxd4) 66. Nxg6 Rd3+ 67. Kf4 Rd2 $2 (67... Rg3 $19 68. Ne7 d4) 68. e6 Rf2+ 69. Kg5 {And now e7 would win.} Kg3 $2 {[%mdl 8192]} (69... Rxb2 $11 70. Nf4+ Kh2) 70. e7 Re2 71. Kf5 Rxe7 72. Nxe7 d4 {[#]} 73. Ke4 $2 (73. Nd5 $1 {mates} Kf3 74. Ke5 d3 75. Kd4 d2 76. Nc3 Kg3 77. Ne4+ Kf4 78. Nxd2) 73... c3 $1 $11 {[%cal Rc3b2] The position is equal.} 74. bxc3 dxc3 {White must now prevent ...c2.} 75. Kd3 c2 76. Kxc2 {Accuracy: White = 78%, Black = 72%.} 1/2-1/2

[Event "Chesscup Blitz 2020"]
[Site "Katowice"]
[Date "2020.09.12"]
[Round "8.9"]
[White "Redzisz, Michal"]
[Black "Lewicki, Miroslaw"]
[Result "0-1"]
[WhiteElo "2164"]
[BlackElo "2348"]
[Annotator "TA"]
[PlyCount "54"]
[EventDate "2020.09.12"]
[EventType "swiss"]
[EventCountry "POL"]
[SourceTitle "playchess.com"]
[Source "ChessBase"]
[SourceQuality "1"]

{[%evp 19,54,23,24,20,49,29,68,65,52,60,74,68,71,70,80,75,72,14,49,43,104,-306,-267,-12832,-12833,-12833,-12833,-12833,-12827,-5389,-1383,-29985,-29986,-29988,-29989,-29997,-29998]} 1. d4 Nf6 2. c4 e6 3. g3 d5 4. Nf3 Be7 5. Bg2 O-O 6. O-O dxc4 7. Ne5 Nc6 8. Bxc6 bxc6 9. Nxc6 Qd7 10. Nxe7+ Qxe7 11. Qc2 {E05: Open Catalan: 5 Nf3 Be7.} a5 {[#]} 12. Na3 $146 ({Predecessor:} 12. Nc3 c5 13. Rd1 Bb7 14. Bg5 Rfd8 15. dxc5 Qxc5 16. Bxf6 gxf6 17. Rxd8+ Rxd8 18. Rd1 Rd4 19. Rxd4 Qxd4 {1-0 (48) De Rover,Y (2415)-Van Baar,E (2253) Hilversum 2018}) 12... e5 13. dxe5 {White is slightly better.} Qxe5 14. Nxc4 Qh5 15. f3 Ba6 16. Be3 Rfe8 {Strongly threatening ...Bxc4.} 17. Bf2 $1 Re6 18. Rfd1 (18. Rad1 $16) 18... Rae8 $11 19. Rd2 Qh3 (19... Bb7 $14) 20. Rad1 $2 {[%mdl 8192] [#] White does not recover from this.} (20. e4 $16 {keeps the pressure on.}) 20... Bb7 $1 $19 {...Ng4! is the strong threat.} 21. Nxa5 $2 {[#]} (21. g4 Nxg4 22. Bg3 Nxh2 23. Bxh2 Rg6+ 24. Qxg6 hxg6 25. b3) 21... Ng4 $1 {[%mdl 512]} 22. e4 (22. fxg4 Qg2#) 22... Qxh2+ 23. Kf1 Ba6+ 24. Nc4 Ne5 (24... Qh1+ $142 25. Ke2 {[#]} Rxe4+ $1 {[%mdl 512]} 26. Qxe4 Bxc4+ 27. Rd3 Rxe4+ 28. Kd2 Qh6+ 29. Be3 Rxe3 30. Rxe3 Nxe3) 25. b3 Qh1+ {[%mdl 64] Double Attack. Black mates.} 26. Ke2 Qxf3+ 27. Kf1 Rh6 {Accuracy: White = 49%, Black = 61%.} 0-1

[Event "Chesscup Blitz 2020"]
[Site "Katowice"]
[Date "2020.09.12"]
[Round "8.10"]
[White "Tsatsalashvili, Keti"]
[Black "Zima, Teofil"]
[Result "1-0"]
[WhiteElo "2246"]
[BlackElo "1897"]
[Annotator "ChessBase"]
[PlyCount "46"]
[EventDate "2020.09.12"]
[EventType "swiss"]
[EventCountry "POL"]
[SourceTitle "playchess.com"]
[Source "ChessBase"]
[SourceQuality "1"]
[TimeControl "180+2"]

1. d4 {[%emt 0:00:00]} Nf6 {[%emt 0:00:00]} 2. Nf3 {[%emt 0:00:02]} g6 {[%emt 0:00:00]} 3. c4 {[%emt 0:00:00]} Bg7 {[%emt 0:00:00]} 4. Nc3 {[%emt 0:00:01]} d6 {[%emt 0:00:02]} 5. e4 {[%emt 0:00:01]} O-O {[%emt 0:00:01]} 6. h3 {[%emt 0:00:01]} Nbd7 {[%emt 0:00:04]} 7. Be2 {[%emt 0:00:02]} e5 {[%emt 0:00:02]} 8. Be3 {[%emt 0:00:09]} exd4 {[%emt 0:00:13]} 9. Nxd4 {[%emt 0:00:06]} Re8 {[%emt 0:00:01]} 10. f3 {[%emt 0:00:22]} c6 {[%emt 0:00:14]} 11. Nc2 {[%emt 0:00:13]} d5 {[%emt 0:00:27]} 12. cxd5 {[%emt 0:00:04]} cxd5 {[%emt 0:00:05]} 13. exd5 {[%emt 0:00:11]} Nb6 {[%emt 0:00:17]} 14. d6 {[%emt 0:00:23]} Bf5 {[%emt 0:00:10]} 15. Bf2 {[%emt 0:00:10]} Nc4 {[%emt 0:00:37]} 16. O-O {[%emt 0:00:15]} Nxb2 {[%emt 0:00:09]} 17. Qd2 {[%emt 0:00:13]} Qa5 {[%emt 0:00:30]} 18. Nd4 {[%emt 0:00:23]} Na4 {[%emt 0:00:22]} 19. Ne4 {[%emt 0:00:17]} Qxd2 {[%emt 0:00:07]} 20. Nxd2 {[%emt 0:00:00]} Bd7 {[%emt 0:00:09]} 21. Bb5 {[%emt 0:00:11]} Nc3 {[%emt 0:00:03]} 22. Bxd7 Nxd7 {[%emt 0:00:01]} 23. N2b3 {[%emt 0:00:15]} Ne2+ 1-0

[Event "Chesscup Blitz 2020"]
[Site "Katowice"]
[Date "2020.09.12"]
[Round "9.1"]
[White "Janik, Igor"]
[Black "Golubka, Petro"]
[Result "1-0"]
[WhiteElo "2470"]
[BlackElo "2488"]
[Annotator "TA"]
[PlyCount "24"]
[EventDate "2020.09.12"]
[EventType "swiss"]
[EventCountry "POL"]
[SourceTitle "playchess.com"]
[Source "ChessBase"]
[SourceQuality "1"]

{[%evp 12,24,27,16,23,-12,0,-14,-20,-11,-16,-20,-22,-7,0]} 1. e4 c5 2. Nf3 e6 3. g3 Nc6 4. Bg2 Nf6 5. Qe2 d6 6. O-O Be7 7. c3 e5 {C00: French: Unusual White 2nd moves.} 8. h3 O-O {The position is equal.} 9. d4 cxd4 10. cxd4 exd4 11. Rd1 Qb6 12. Na3 $1 {[#]} d5 $146 {[%mdl 32768] Not much happened in this game. Loss on time!?} ({Predecessor:} 12... Be6 13. Nc2 d5 14. e5 Ne4 15. Ncxd4 Bc5 16. Be3 Rfe8 17. Rac1 Rac8 18. Nxc6 Bxe3 19. Qxe3 Qxe3 20. fxe3 bxc6 {0-1 (60) Ivarsson,T (2149)-Rydstrom,T (2334) Malmo 2017}) 1-0

[Event "Chesscup Blitz 2020"]
[Site "Katowice"]
[Date "2020.09.12"]
[Round "9.2"]
[White "Teclaf, Pawel"]
[Black "Piorun, Kacper"]
[Result "1-0"]
[WhiteElo "2464"]
[BlackElo "2596"]
[Annotator "TA"]
[PlyCount "115"]
[EventDate "2020.09.12"]
[EventType "swiss"]
[EventCountry "POL"]
[SourceTitle "playchess.com"]
[Source "ChessBase"]
[SourceQuality "1"]

{[%evp 9,115,18,35,31,33,32,42,45,44,26,45,16,30,24,32,21,52,31,35,24,33,31,43,9,18,-38,-29,-34,-11,-19,0,-60,-62,-61,-41,-40,-35,-52,-23,-55,42,59,41,46,60,64,48,52,61,54,68,8,8,8,185,177,362,0,0,0,0,-1,-1,-74,84,104,100,87,87,94,198,125,123,125,147,114,116,122,238,29,41,39,386,381,437,396,29973,29976,29980,29973,29980,29982,29990,29982,29990,29971,29971,29970,29967,29969,29982,29981,29978,29979,29988,29979,29991,29992]} 1. Nf3 d5 2. b3 Nf6 3. Bb2 Bg4 4. g3 Bxf3 5. exf3 Nbd7 6. f4 {A06: Réti Opening: 1 Nf3 d5.} e6 7. Bg2 Bd6 8. O-O {White is slightly better.} c6 9. d3 O-O 10. Nd2 {[%cal Bb1d2,Bd2f3,Bf3e5][%mdl 32]} a5 11. a3 Re8 12. Nf3 Bf8 13. Qd2 {[#]} g6 $146 ({Predecessor:} 13... Qb6 14. Rfb1 Qc7 15. Nd4 g6 16. Bc3 Nh5 {½-½ (16) Garcia Palermo,C (2370)-Rossetto,H (2420) Montevideo 1976}) 14. Ne5 Bg7 15. Rfe1 Qc7 16. Bd4 Ng4 {[%cal Rd7e5]} 17. Qc3 ({Better is} 17. Nf3 $11) 17... Ngxe5 18. fxe5 c5 {And now ...Rac8 would win.} 19. f4 b5 (19... Rac8 $5 20. Bf2 $8 f6 $11) 20. b4 (20. Bf2 $11) 20... Bf8 $15 21. Reb1 Qb6 22. bxc5 Bxc5 23. Bxc5 Nxc5 {[%cal Bd7c5,Bc5b3,Bb3d4,Bd4e2][%mdl 32]} 24. Qd4 Qc6 (24... Rab8 $15) 25. c4 $1 $14 {[%cal Rc4d5]} bxc4 26. dxc4 Rad8 27. cxd5 exd5 28. Rc1 Nb3 29. Rxc6 Nxd4 30. Rd6 ({White should play} 30. Ra6 $14) 30... Rxd6 $11 31. exd6 {[%mdl 4096] Endgame KRB-KRN} Ne2+ $2 (31... Nf5 $11) 32. Kf2 $18 {Black must now prevent d7.} Nc3 $2 (32... Nd4 33. Rd1 (33. Bxd5 Rd8 $14) 33... Ne6 34. Rxd5 Rd8) 33. Re1 $2 (33. Rc1 $18 d4 34. d7) 33... Rd8 $11 34. Ke3 Rxd6 35. Kd3 Ne4 36. Rb1 (36. Re2 $11 {remains equal.}) 36... Nf2+ $2 (36... Rc6 $1 $17) 37. Kd4 $16 Ng4 38. Rb5 ({Much worse is} 38. Bxd5 $6 Nxh2 39. Rb7 Rf6 $11) 38... Nxh2 39. Rxa5 Rb6 (39... Rf6 $16) 40. Bxd5 (40. Ra7 $18) 40... Nf1 41. Ra7 Rf6 42. a4 $1 {Hoping for Rxf7!} Nxg3 43. a5 Ne2+ (43... Rxf4+ $16 44. Ke5 Ra4) 44. Ke5 $2 (44. Kc5 $18 {Strongly threatening Rxf7!} Nxf4 45. Bxf7+ $1 {[%mdl 512]} Kf8 46. Bc4) 44... Rf5+ $11 45. Kd6 {Threatens to win with Rxf7!} Nxf4 $2 {[%mdl 8192] [#]} ({Black should try} 45... Nc3 $14 46. Bc6 Nb5+ 47. Bxb5 Rxb5) 46. Bxf7+ $1 $18 {[%mdl 512]} Kf8 ({Not} 46... Rxf7 47. Rxf7 Kxf7 48. a6 $18) 47. a6 Ra5 $2 (47... Nd3 $18 48. Rc7 Ra5) 48. Bc4 {White mates.} g5 49. Rxh7 Ra1 50. a7 Ng6 51. Rb7 Ra5 52. Rb8+ Kg7 53. a8=Q Rxa8 54. Rxa8 g4 55. Bd5 Kf6 56. Be4 Nh4 57. Rg8 Kf7 58. Rxg4 {Accuracy: White = 71%, Black = 57%.} 1-0

[Event "Chesscup Blitz 2020"]
[Site "Katowice"]
[Date "2020.09.12"]
[Round "9.3"]
[White "Jakubowski, Krzysztof"]
[Black "Miton, Kamil"]
[Result "1-0"]
[WhiteElo "2481"]
[BlackElo "2590"]
[Annotator "TA"]
[PlyCount "97"]
[EventDate "2020.09.12"]
[EventType "swiss"]
[EventCountry "POL"]
[SourceTitle "playchess.com"]
[Source "ChessBase"]
[SourceQuality "1"]

{[%evp 9,96,16,8,6,24,16,25,-4,-7,-36,-40,-39,-37,-31,-34,-28,-2,-59,-26,-18,0,-43,-2,-64,-43,-52,-20,-54,0,0,0,-56,-61,-55,-47,-48,-35,-47,-33,-211,-221,-222,-208,-228,-217,-261,-185,-200,-184,-224,-187,-197,-181,-197,0,-160,-53,-62,-77,-29,-10,-14,110,0,29,-90,93,78,88,84,107,118,113,0,0,-8,-8,-8,0,0,0,0,39,57,365,349,29998,29994,29999]} 1. d4 Nf6 2. c4 b6 3. Nc3 Bb7 4. Bf4 g6 5. e3 Bg7 6. Nf3 {A50: Queen's Fianchetto Defence (1 d4 Nf6 2 c4 b6).} O-O 7. Be2 d6 8. h3 {White has an edge.} Ne4 9. O-O Nxc3 10. bxc3 {[#]} Nc6 $146 ({Predecessor:} 10... c5 11. Qb3 Nc6 12. Rfd1 Na5 13. Qa4 Qe8 14. Qxe8 Rfxe8 15. Rac1 Ba6 16. Nd2 Rab8 {0-1 (52) Stroganov,A (1826)-Sargissyan,S (2249) Minsk 2018}) 11. Bg3 Na5 12. Nd2 c5 13. d5 (13. Nb3 $11) 13... Ba6 14. Qc2 Qd7 15. a4 e6 16. e4 (16. dxe6 $11 fxe6 17. Rad1) 16... Rae8 17. Bd3 exd5 18. exd5 Re7 19. Bh4 Ree8 20. Bg3 f5 21. Bf4 Be5 22. Bh6 Rf7 23. Rae1 Rfe7 {And now ...Bh2+! would win.} 24. Bg5 $2 {[#]} (24. Rc1 $15) 24... Bh2+ $1 $19 {[%mdl 576] Discovered Attack} 25. Kxh2 Rxe1 26. Rxe1 Rxe1 27. Bf4 Re8 28. g3 Qe7 29. Kg2 Qf6 30. h4 Kg7 31. Qc1 Kg8 $2 (31... Qe7 $19 {...Nxc4! is the strong threat.} 32. Bg5 Qd7) 32. Bg5 $2 (32. Qc2 $1 $11) 32... Qe5 (32... Qf7 $17 33. Qd1 Qg7) 33. Nf3 $15 Qg7 34. Qf4 Qd7 {[#]} 35. h5 $1 {[%mdl 512] [#]} Nb7 (35... Nxc4 $1 $11 {[%mdl 512]} 36. Bxc4 Re4 {[%mdl 64] Double Attack} 37. Bxa6 Rxf4 38. Bxf4 Qxa4) (35... gxh5 36. Nh4) 36. Qh4 (36. Bh6 $1 $16) 36... Qf7 37. Bf6 (37. hxg6 $11 {remains equal.} hxg6 38. g4) 37... Re4 $2 (37... h6 $17 {keeps the pressure on. Strongly threatening ...Na5.} 38. Nd2 g5 39. Bxg5 hxg5 40. Qxg5+ Kh8) 38. Bxe4 $16 fxe4 39. Nd2 Na5 40. Nxe4 Bxc4 {[#]} 41. hxg6 ({Only move:} 41. Kh2 $1 $16 Nb7 42. Bg5) 41... Qxg6 $11 42. Nxd6 Bxd5+ 43. Kh2 Nc6 44. c4 $40 {[%mdl 128] White mounts an attack.} Bf3 45. Qf4 Qh5+ 46. Bh4 $1 {aiming for Nf5.} Ne5 $2 {[%mdl 8192] [#]} (46... Nd4 $14) 47. Nf5 $1 $18 {[%cal Rf5e7] White wants to mate with Ne7+.} Bc6 $2 (47... Nd7 $18 48. g4 {[%mdl 64] Decoy} Bxg4 49. Nh6+ Kg7 50. Qxg4+ Qxg4 51. Nxg4 h5) 48. Qxe5 {[%csl Gf5][%cal Re5g7]} Qf3 49. Qg7# {White used his chance. Accuracy: White = 62%, Black = 53%.} 1-0